000 01332 a2200457 4500
502 _aThèse de Doctorat
260 _aWageningen
653 1 _aAgronomie
100 _aBEWKET, Woldeamlak
041 _bEn
440 _n44
260 _bUniversité de Wageningen
300 _a167 p.
245 _aTowards integrated watershed management in highland Ethiopia : the Chemoga watershed case study
650 _aBASSIN VERSANT
650 _aWATERSHED
650 _aTELEDETECTION
650 _aREMOTE SENSING
650 _aGESTION
650 _aPATURAGE
650 _aGRAZING
650 _aPOLITIQUE
650 _aPAUVRETE
650 _aMENAGE
650 _aEROSION
650 _aCONSERVATION DES RESSOURCES
650 _aAGROFORESTERIE
260 _c2003
300 _bIll., Couv. ill. ; 24 cm
130 _lEn
440 _aTropical Resource Management Papers
710 _aWageningen University
040 _aSupport
041 _bEn
100 _uAbomey-Calavi, Université d'Abomey-Calavi, Faculté des Sciences Agronomiques, Bj
651 _aETHIOPIE
520 _aResource degradation is a critical problem in highland Ethiopia. Past soil water conservation efforts did not bring about significant results.
440 _x0926-9495
020 _a90-6754-708-5
999 _c31751
_d31751